Invisible victims : white males and the crisis of affirmative action

Αποθηκεύτηκε σε:
Λεπτομέρειες βιβλιογραφικής εγγραφής
Κύριος συγγραφέας: Lynch, Frederick R.
Μορφή: Βιβλίο
Γλώσσα:English
Δημοσίευση: New York : Praeger Publishers, c1991
Θέματα:
Ετικέτες: Προσθήκη ετικέτας
Δεν υπάρχουν, Καταχωρήστε ετικέτα πρώτοι!

MARC

LEADER 00000nam a2200000 i 4500
001 1/90545
008 990927s1991 eng d
020 |a 0-275-94102-7 
035 |l 10053155 
040 |a GR-MY-UA  |b gre  |e aacr 
041 0 |a eng 
082 0 |a 331.69034073 
100 1 |a Lynch, Frederick R. 
245 1 0 |a Invisible victims :  |b white males and the crisis of affirmative action /  |c Frederick R. Lynch 
260 |a New York :   |b Praeger Publishers,   |c c1991 
300 |a 237 p. 
504 |a Includes index 
650 0 0 |a Discrimination im employement  |z United States. 
650 0 0 |a Reverse discrimination in employment  |z United States. 
650 0 0 |a Affirmative action programs  |z Unites States. 
852 |a INST  |b LESVOS  |e 19990927  |h 331.69034073 LYN  |p 005100019380  |q 005100019380  |t BK  |y 0 
901 |a BIBL1-1999-3 
909 |a Λ  |b 066678 
922 |a 1ΕΛΗ  |b 199907  |c ΚΠΣ/ΤΚ  |d ΠΑΠΑΣΩΤΗΡΙΟΥ 
950 |a 103-1998-07-27 
970 |a ΜΟΥΣΤΑΚΑ  |b ΠΗΝΕΛΟΠΗ  |z 1999/09/30